| 000 | 00732nam a22002177a 4500 | ||
|---|---|---|---|
| 005 | 20100816141711.0 | ||
| 010 | _aENG-100702 | ||
| 020 | _c110.00 | ||
| 035 | _aEN-84235 | ||
| 037 | _bDBAD/PUB | ||
| 082 | _a343.73094 | ||
| 245 |
_aNational highways act, 1956 : _b48 of 1956 / |
||
| 260 |
_aDelhi _bUniversal Law Pub. Co. _c2009 |
||
| 270 |
_aC-FF-1A, Dilkhush Industrial East _bDelhi _e110033 |
||
| 300 |
_aix, [136] p. _b24cm (Pbk) |
||
| 650 |
_aNational Highway System _914185 |
||
| 650 |
_aHighway Law _914186 |
||
| 700 | _914037 | ||
| 942 |
_2ddc _cEN _h343.73094 _mTHE |
||
| 999 |
_c42245 _d42245 |
||